Servicing transistor receivers / (Record no. 182356)

000 -LEADER
fixed length control field 00706 a2200181 4500
003 - CONTROL NUMBER IDENTIFIER
control field Nust
005 - DATE AND TIME OF LATEST TRANSACTION
control field 20221205092425.0
040 ## - CATALOGING SOURCE
Transcribing agency Nust
082 ## - DEWEY DECIMAL CLASSIFICATION NUMBER
Classification number 621.381528,PET
100 ## - MAIN ENTRY--PERSONAL NAME
Personal name F.R. Pettit
9 (RLIN) 104065
245 ## - TITLE STATEMENT
Title Servicing transistor receivers /
Statement of responsibility, etc. F.R. Pettit
260 ## - PUBLICATION, DISTRIBUTION, ETC.
Place of publication, distribution, etc. Norman Price
Name of publisher, distributor, etc. London
Date of publication, distribution, etc. 1963
300 ## - PHYSICAL DESCRIPTION
Extent 96 p
Other physical details illus
Dimensions 19 cm
505 ## - FORMATTED CONTENTS NOTE
Formatted contents note Transistors (Page-9), Transistor Receivers (Page-14), Test Equipment (Page-29), Faults and Fault Finding (Page-34), Transistor DC Tests (Page-52), Receiver Alignment and RF Tests (Page-59), Testing Transistors (Page-64), Transistor Equivalent (Page-74)
600 ## - SUBJECT ADDED ENTRY--PERSONAL NAME
Personal name F.R. Pettit
9 (RLIN) 104065
650 ## - SUBJECT ADDED ENTRY--TOPICAL TERM
Topical term or geographic name entry element Telecommunication Engineering
942 ## - ADDED ENTRY ELEMENTS (KOHA)
Source of classification or shelving scheme
Koha item type Book
Holdings
Withdrawn status Lost status Source of classification or shelving scheme Damaged status Not for loan Permanent Location Current Location Shelving location Date acquired Full call number Barcode Date last seen Price effective from Koha item type Public note
          Military College of Signals (MCS) Military College of Signals (MCS) General Stacks 12/12/2016 621.381528,PET MCS7419 12/08/2016 12/12/2016 Book Almirah No.34, Shelf No.2
© 2023 Central Library, National University of Sciences and Technology. All Rights Reserved.